Hommes et femmes dans l'Antiquité grecque et romaine (notice n° 2027738)

détails MARC
000 -LEADER
fixed length control field 01816cam a2200157 4500500
005 - DATE AND TIME OF LATEST TRANSACTION
control field 20260329082253.0
041 ## - LANGUAGE CODE
Language code of text/sound track or separate title fre
042 ## - AUTHENTICATION CODE
Authentication code dc
100 10 - MAIN ENTRY--PERSONAL NAME
Personal name Sebillotte Cuchet, Violaine
Relator term author
245 00 - TITLE STATEMENT
Title Hommes et femmes dans l'Antiquité grecque et romaine
260 ## - PUBLICATION, DISTRIBUTION, ETC.
Name of publisher, distributor, etc. Armand Colin,<br/>
Date of publication, distribution, etc. 2024.<br/>
520 ## - SUMMARY, ETC.
Summary, etc. Peut-on porter un regard neuf sur l’Antiquité&amp;#8239;? C’est ce que montre cet ouvrage qui propose une analyse originale des sources classiques à travers la question essentielle du genre et de la sexualité.Ce volume propose un voyage dans le monde gréco-romain à travers une soixantaine de documents commentés et pose un regard différent sur les grandes figures historiques ou mythiques de l’Antiquité et plus généralement sur les hommes et les femmes du temps, leurs actions et leurs fonctions. Cette approche inédite révèle une société autrement subtile que celle que nous a léguée l’imagerie traditionnelle et démontre que le genre comme méthode d’analyse permet une extension du domaine de l’histoire.Une équipe des meilleurs spécialistes de la période nous offre une vision unique de la société antique en convoquant les plus grands auteurs et des sources de nature variée (poésie, théâtre, histoire, discours d’orateurs, images, inscriptions, etc.). Mêlant réflexion innovante et démarche méthodologique, cette synthèse des travaux récents sur la question fournit à l’étudiant, mais aussi à l’enseignant, un remarquable outil de travail, qui donne un nouveau souffle à la réflexion historienne.
700 10 - ADDED ENTRY--PERSONAL NAME
Personal name Boehringer, Sandra
Relator term author
700 10 - ADDED ENTRY--PERSONAL NAME
Personal name Sebillotte-Cuchet, Violaine
Relator term author
856 41 - ELECTRONIC LOCATION AND ACCESS
Uniform Resource Identifier <a href="https://shs.cairn.info/hommes-et-femmes-dans-l-antiquite-grecque-et-romaine--9782200639532?lang=fr&redirect-ssocas=7080">https://shs.cairn.info/hommes-et-femmes-dans-l-antiquite-grecque-et-romaine--9782200639532?lang=fr&redirect-ssocas=7080</a>

Pas d'exemplaire disponible.

PLUDOC

PLUDOC est la plateforme unique et centralisée de gestion des bibliothèques physiques et numériques de Guinée administré par le CEDUST. Elle est la plus grande base de données de ressources documentaires pour les Étudiants, Enseignants chercheurs et Chercheurs de Guinée.

Adresse

627 919 101/664 919 101

25 boulevard du commerce
Kaloum, Conakry, Guinée

Réseaux sociaux

Powered by Netsen Group @ 2025